00856nam a22002657a 45000010005000000030006000050050017000110080041000280200018000690400029000870500014001160820012001301000017001422450064001592500045002232600039002683000044003074900020003515050008003715200115003795210021004945210020005156500029005356500026005645442FISKH20241206140815.0241206b cb ||||| |||| 00| 0 eng d a9780545206426 aFISKHbengcFISKHdFISKH aDS371.413 a958.104 aZullo, Allan aBattle heroes : bvoices from Afghanistan /cby Allan Zullo aFirst Scholastic prining, September 2010 aNew York : bScholastic ;c2010 .  a159 pages : billustrations ;c20 cm .  aTen true tales  aZ  aTen stories of American heroes who have risked their lives for their country while fighting in the Afghan War.8 a1090 bLexile 8 aZ bRaz-Plus  aAfghanistanvNon-fiction amilitaryvNon-fiction